Global issues 10/11 (Record no. 195285)

MARC details
000 -LEADER
fixed length control field 00524nam a2200193Ia 4500
008 - FIXED-LENGTH DATA ELEMENTS--GENERAL INFORMATION
fixed length control field 191130s2011##################000#0#eng##
020 ## - INTERNATIONAL STANDARD BOOK NUMBER
ISBN 9780078050589
082 ## - DEWEY DECIMAL CLASSIFICATION NUMBER
Classification number 320.JAC
100 ## - MAIN ENTRY--AUTHOR NAME
Personal name Jackson, Robert
245 ## - TITLE STATEMENT
Title Global issues 10/11
Statement of responsibility, etc Robert Jackson
260 ## - PUBLICATION, DISTRIBUTION, ETC. (IMPRINT)
Place of publication New York
Name of publisher McGraw-Hill/Dushkin
Year of publication c2011
300 ## - PHYSICAL DESCRIPTION
Number of Pages xx, 201 p , 28 cm
650 ## - SUBJECT ADDED ENTRY--TOPICAL TERM
Topical Term Civilization, Modern
Topical Term Social problems
991 ## -
-- 191778
Holdings
Withdrawn status Lost status Damaged status Not for loan Home library Current library Shelving location Date acquired Full call number Accession Number Price effective from Koha item type
        Anna Centenary Library Anna Centenary Library 3RD FLOOR, B WING 13.10.2020 320.JAC 472101 13.10.2020 English Books

Find us on the map